Lusitania (Registo nº 202141)
[ vista simples ]
| 000 -Etiqueta do registo | |
|---|---|
| Valores | 00622nam 22002053 4500 |
| 010 ## - Número ISBN | |
| ISBN | 84-204-8032-0 |
| 021 ## - Número do Depósito Legal | |
| Número | M. 38.561-1985 |
| Código do país | Espanha |
| 100 ## - Dados gerais de processamento | |
| Dados gerais | 20230112d u||y0pory50 ba |
| 200 ## - Titulo e menção de responsabilidade | |
| Título próprio | Lusitania |
| Primeira menção de responsabilidade | Almeida Faria |
| Outras menções de responsabilidade | traducción de Miguel Ángel Viqueira |
| 210 ## - Publicação | |
| Local de publicação | Madrid |
| Nome do editor | Alfaguara |
| Data de publicação | 1985 |
| 215 ## - Descrição física | |
| Paginação / Volumes | 140, [3] p. |
| Outras indicações físicas | brochado |
| Dimensões | 22 cm |
| 606 ## - Nome comum usado como assunto | |
| Palavra de ordem | Literatura Portuguesa |
| ID Autoridade | 6 |
| 675 ## - CDU | |
| Notação | 821.134.3-3 |
| Edição | ES |
| Língua | esp |
| 700 ## - Autor principal (pessoa individual) | |
| ID Autoridade | 1040 |
| Apelido | Faria |
| Nome | Almeida |
| Datas | 1943- |
| 702 ## - Autor secundário (pessoa individual) | |
| ID Autoridade | 17289 |
| Apelido | Viqueira |
| Nome | Miguel Ángel |
| Datas | 1952- |
| 801 ## - Fonte de origem | |
| País | PT |
| Agência | BMMN |
| Regras de catalogação | RPC |
| 830 ## - Notas gerais do catalogador | |
| Criado por | Ana Falardo |
| Indexado por | Ana Falardo |
| 990 ## - Elementos KOHA | |
| Tipo de documento | Livro |
| Situação do levantamento | Biblioteca de origem | Código de barras | Cota | Permissão de empréstimo | Tipo de documento | Nota relativa ao exemplar | Forma de aquisição |
|---|---|---|---|---|---|---|---|
| Biblioteca Municipal de Montemor-o-Novo | 31569 | 821.134.3-3 FAR|SAF | Livro | Acesso Condicionado | Oferta |